MARC details
| 000 -LEADER |
| campo de control de longitud fija |
02911cam a2200421 i 4500 |
| 001 - NÚMERO DE CONTROL |
| campo de control |
124675 |
| 005 - FECHA Y HORA DE LA ÚLTIMA TRANSACCIÓN |
| campo de control |
20230410103914.0 |
| 008 - DATOS DE LONGITUD FIJA--INFORMACIÓN GENERAL |
| campo de control de longitud fija |
140508s2014 nyuabf b 001 0 eng |
| 035 ## - NÚMERO DE CONTROL DEL SISTEMA |
| Número de control de sistema |
18144711 |
| 010 ## - NÚMERO DE CONTROL DE LA BIBLIOTECA DEL CONGRESO |
| Número de control de LC |
2014015840 |
| 020 ## - NÚMERO INTERNACIONAL ESTÁNDAR DEL LIBRO |
| Número Internacional Estándar del Libro |
9781616149482 (hardcover) |
| 020 ## - NÚMERO INTERNACIONAL ESTÁNDAR DEL LIBRO |
| ISBN cancelado o inválido |
9781616149499 (ebook) |
| 040 ## - FUENTE DE CATALOGACIÓN |
| Centro catalogador/agencia de origen |
DLC |
| Lengua de catalogación |
eng |
| Centro/agencia transcriptor |
DLC |
| Normas de descripción |
rda |
| Centro/agencia modificador |
DLC |
| 041 ## - CÓDIGO DE IDIOMA |
| Código de lengua del texto/banda sonora o título independiente |
Eng |
| 042 ## - CÓDIGO DE AUTENTICACIÓN |
| Código de autenticación |
pcc |
| 043 ## - CÓDIGO DE ÁREA GEOGRÁFICA |
| Código de área geográfica |
a-sy--- |
| 050 14 - SIGNATURA TOPOGRÁFICA DE LA BIBLIOTECA DEL CONGRESO |
| Número de clasificación |
432 DS 98.6 |
| Número de ítem |
E69i 2014 |
| 082 00 - NÚMERO DE LA CLASIFICACIÓN DECIMAL DEWEY |
| Número de clasificación |
956.91042 |
| 100 1# - ENTRADA PRINCIPAL--NOMBRE DE PERSONA |
| Nombre de persona |
Erlich, Reese W., |
| Fechas asociadas al nombre |
1947- |
| 245 10 - MENCIÓN DEL TÍTULO |
| Título |
Inside Syria : |
| Resto del título |
the backstory of their civil war and what the world can expect / |
| Mención de responsabilidad, etc. |
Reese Erlich ; foreword by Noam Chomsky. |
| 260 ## - PUBLICACIÓN, DISTRIBUCIÓN, ETC. |
| Lugar de publicación, distribución, etc. |
Amherst, New York : |
| Nombre del editor, distribuidor, etc. |
Prometheus Books, |
| Fecha de publicación, distribución, etc. |
2014. |
| 300 ## - DESCRIPCIÓN FÍSICA |
| Extensión |
313 p., : |
| Otras características físicas |
ill., maps ; |
| Dimensiones |
24 cm |
| 500 ## - NOTA GENERAL |
| Nota general |
Maps on lining papers. |
| 520 ## - RESUMEN, ETC. |
| Sumario, etc. |
"Based on first-hand reporting from Syria and Washington, journalist Reese Erlich unravels the complex dynamics underlying the Syrian civil war. Through vivid, on-the-ground accounts and interviews with both rebel leaders and Syrian President Bashar al-Assad, Erlich gives the reader a better understanding of this momentous power struggle and why it matters. Through his many contacts inside Syria, the author reveals who is supporting Assad and why; he describes the agendas of the rebel factions; and he depicts in stark terms the dire plight of many ordinary Syrian people caught in the cross-fire. The book also provides insights into the role of the Kurds, the continuing influence of Iran, and the policies of US leaders who seem interested only in protecting US regional interests. As Erlich shows, current events in Syria can be best understood by looking at Syria's recent history, especially the roles of key historic figures. Several chapters are devoted to these influential leaders--including T.E. Lawrence (Lawrence of Arabia), journalist Lowell Thomas, Muslim brotherhood founder Hassan al Banna, Zionist leader Chaim Weizmann, Ayatollah Ruhollah Khomeini, Saddam Hussein, and Hafez al-Assad. Disturbing and enlightening at once, this timely book shows you not only what is happening inside Syria but why it is so important for the Middle East, the US, and the world"-- |
| Fuente proveedora |
Provided by publisher. |
| 504 ## - NOTA DE BIBLIOGRAFÍA, ETC. |
| Nota de bibliografía, etc. |
Includes bibliographical references (pages 285-287) and index. |
| 651 #0 - PUNTO DE ACCESO ADICIONAL DE MATERIA--NOMBRE GEOGRÁFICO |
| Nombre geográfico |
Syria |
| Subdivisión general |
History |
| Subdivisión cronológica |
Civil War, 2011- |
| 651 #0 - PUNTO DE ACCESO ADICIONAL DE MATERIA--NOMBRE GEOGRÁFICO |
| Nombre geográfico |
Syria |
| Subdivisión general |
Politics and government |
| Subdivisión cronológica |
2000- |
| 650 #0 - PUNTO DE ACCESO ADICIONAL DE MATERIA--TÉRMINO DE MATERIA |
| Término de materia o nombre geográfico como elemento de entrada |
Protest movements |
| Subdivisión geográfica |
Syria |
| Subdivisión general |
History |
| Subdivisión cronológica |
21st century. |
| 650 #0 - PUNTO DE ACCESO ADICIONAL DE MATERIA--TÉRMINO DE MATERIA |
| Término de materia o nombre geográfico como elemento de entrada |
Political violence |
| Subdivisión geográfica |
Syria |
| Subdivisión general |
History |
| Subdivisión cronológica |
21st century. |
| 651 #4 - PUNTO DE ACCESO ADICIONAL DE MATERIA--NOMBRE GEOGRÁFICO |
| Nombre geográfico |
Siria |
| Subdivisión general |
Historia |
| Subdivisión cronológica |
Guerra civil, 2011 |
| 651 #4 - PUNTO DE ACCESO ADICIONAL DE MATERIA--NOMBRE GEOGRÁFICO |
| Nombre geográfico |
Siria |
| Subdivisión general |
Política y gobierno |
| Subdivisión cronológica |
2000- |
| 650 #4 - PUNTO DE ACCESO ADICIONAL DE MATERIA--TÉRMINO DE MATERIA |
| Término de materia o nombre geográfico como elemento de entrada |
Movimientos de protesta |
| Subdivisión general |
Siria |
| -- |
Historia |
| Subdivisión cronológica |
Siglo XXI. |
| 650 #4 - PUNTO DE ACCESO ADICIONAL DE MATERIA--TÉRMINO DE MATERIA |
| Término de materia o nombre geográfico como elemento de entrada |
Violencia política |
| Subdivisión geográfica |
Siria |
| Subdivisión general |
Historia |
| Subdivisión cronológica |
Siglo XXI. |
| 856 42 - LOCALIZACIÓN Y ACCESO ELECTRÓNICOS |
| Materiales especificados |
Cover image |
| Identificador Uniforme de Recursos |
<a href="9781616149482.jpg">9781616149482.jpg</a> |
| 925 0# - |
| -- |
Acquire |
| -- |
1 shelf copy |
| -- |
policy default |
| 942 ## - ELEMENTOS DE ENTRADA SECUNDARIOS (KOHA) |
| Fuente del sistema de clasificación o colocación |
Clasificación de Library of Congress |
| Tipo de ítem Koha |
|
| 946 ## - PROCESAMIENTO DE INFORMACIÓN LOCAL (OCLC) |
| a |
dpf |